书目信息 |
| 题名: |
科威特简史
|
|
| 作者: | 盖勒阿吉 著 ;北京大学东语系阿拉伯语教研室 译 | |
| 分册: | ||
| 出版信息: | 北京 北京人民出版社 1973.07 |
|
| 页数: | 267页 | |
| 开本: | 20cm | |
| 丛书名: | ||
| 单 册: | ||
| 中图分类: | K383 | |
| 科图分类: | ||
| 主题词: | 亚洲--历史 | |
| 电子资源: | ||
| ISBN: | ||
| 000 | 00780nam0 2200241 45 | |
| 001 | 0212161495 | |
| 005 | 20031219104102.3 | |
| 010 | @dCNY0.82 | |
| 091 | @a11071.4 | |
| 100 | @a20021216d1973 km y0chiy0120 ea | |
| 101 | 0 | @achi |
| 105 | @a z 000yy | |
| 200 | 1 | @a科威特简史@AKe Wei Te Jian Shi@f(黎巴嫩)盖德里·盖勒阿吉著@F(Li Ba Nen)Gai De Li·Gai Le A Ji Zhu@g北京大学东语系阿拉伯语教研室译 |
| 210 | @a北京@c北京人民出版社@d1973.07 | |
| 215 | @a267页@d20cm | |
| 300 | @a内部读物 | |
| 300 | @a根据贝鲁特阿拉伯作家出版社1962年版译出 | |
| 606 | 0 | @a亚洲@x历史 |
| 690 | @aK383@v3 | |
| 701 | 0 | @a盖勒阿吉@4著 |
| 712 | 02 | @a北京大学东语系阿拉伯语教研室@ABei Jing Da Xue Dong Yu Xi A La Bo Yu Jiao Yan Shi@4译 |
| 801 | @aCN@bTSTC@c20021216 | |
| 905 | @f1@b219211@dK383@e9 | |
| 科威特简史/(黎巴嫩)盖德里·盖勒阿吉著/北京大学东语系阿拉伯语教研室译.-北京:北京人民出版社,1973.07 |
| 267页;20cm |
| 内部读物.-根据贝鲁特阿拉伯作家出版社1962年版译出 |
| ISBN :CNY0.82 |
| ● |
| 相关链接 |
|
|
|
|
正题名:科威特简史
索取号:K383/9
 
预约/预借
| 序号 | 登录号 | 条形码 | 馆藏地/架位号 | 状态 | 备注 |
| 1 | 0219211 | 001737106 | 第二样本阅览室/ [索取号:K383/9] | 在馆 |